ბათუმის შოთა რუსთაველის სახელმწიფო უნივერსიტეტის ბიბლიოთეკა

ჰისტოლოგია, ციტოლოგია : (ბიბ.ჩანაწერი № 34617)

000 -ლიდერი
ფიქსირებული სიგრძის საკონტროლო ველი 00848nam a2200217Ia 4500
001 - საკონტროლო ნომერი
საკონტროლო ველი 379
003 - საკონტროლო ნომრის იდენტიფიკატორი
საკონტროლო ველი GE_BSU
005 - ბოლო ოპერაციის თარიღი და დრო
საკონტროლო ველი 20250908162150.0
008 - ფიქსირებული სიგრძის მონაცემთა ელემენტები - ზოგადი ინფორმაცია
ფიქსირებული სიგრძის საკონტროლო ველი 181216s1994||||ge |||||||||||||| ||geo||
040 ## - კატალოგიზაციის წყარო
Transcribing agency GE_BSU
041 ## - ენის კოდი
Language code of text/sound track or separate title geo
080 ## - უნივერსალური ათობითი კლასიფიკაციის ინდექსი
Universal Decimal Classification number 611.018(075.8)+576(075.8) გ–23
100 ## - მთავარი ჩანაწერი - პიროვნების სახელი
Personal name გაჩეჩილაძე, ც.
9 (RLIN) 17945
245 ## - ცნობა სათაურის შესახებ
Title ჰისტოლოგია, ციტოლოგია :
Remainder of title (სქემები, საკონტრ. კითხვები და სიტუაციური ამოცანები) /
Statement of responsibility, etc ც. გაჩეჩილაძე.
264 ## - წარმოების, გამოცემის, დისტრიბუციის და სხვა ცნობები
გამოცემის, წარმოების, დისტრიბუციის... ადგილი თბილისი,
გამოცემის, წარმოების, დისტრიბუციის... თარიღი 1994.
300 ## - ფიზიკური აღწერა
Extent 294 გვ. ;
Other physical details 26 სმ.
504 ## - BIBLIOGRAPHY, ETC. NOTE
Bibliography, etc ბიბლიოგრ.: გვ. 291.
653 ## - INDEX TERM--UNCONTROLLED
Uncontrolled term ჰისტოლოგია
653 ## - INDEX TERM--UNCONTROLLED
Uncontrolled term ციტოლოგია
942 ## - ADDED ENTRY ELEMENTS (KOHA)
Koha item type წიგნი
Source of classification or shelving scheme
ეგზემპლარები
ჩამოწერის სტატუსი დაკარგული ეგზემპლარის სტატუსი კლასიფიკაციის წყარო ან თაროზე გაწყობის სქემა დაზიანების სტატუსი არ გაიცემა მუდმივი მდებარეობა (დაცვის ადგილი) ამჟამინდელი ადგილსამყოფელი თაროზე განთავსების ადგილი შეძენის თარიღი ღირებულება, შესყიდვის ნორმალური ფასი სრული შენახვის შიფრი შტრიხკოდი ბოლო ოპერაციის თარიღი ეგზემპლარის მიმდევრობითი ნომერი (კეტერი?) ფასის ძალაში შესვლის თარიღი ეგზემპლარის სახეობა საჯარო შენიშვნა
          ბათუმის შოთა რუსთაველის სახელმწიფო უნივერსიტეტის მთავარი ბიბლიოთეკა ბათუმის შოთა რუსთაველის სახელმწიფო უნივერსიტეტის მთავარი ბიბლიოთეკა წიგნსაცავი 2018-12-17 15.00 611.018(075.8)+576(075.8) გ–23 1868 2018-12-17 1868 2018-12-17 წიგნი 15 ლ.